Diseño y construcción de una cupula prefabricada de hormigón armado

保存先:
書誌詳細
第一著者: Oviedo Gutiérrez, Héctor Enrique
フォーマット: 不明
出版事項: [San José, Costa Rica] 1969
主題:
タグ: タグ追加
タグなし, このレコードへの初めてのタグを付けませんか!

MARC

LEADER 00000 a2200000 4500
003 011306
005 20221231143814.0
008 140114s1969 cr a m 000 ||s d
040 |c cru CEDI 
090 |a TFG 367 
100 |a Oviedo Gutiérrez, Héctor Enrique  |9 17828 
245 |a Diseño y construcción de una cupula prefabricada de hormigón armado 
260 |c 1969  |a [San José, Costa Rica] 
300 |a  37 hojas : gráficos, ilustraciones ; 28 cm  
500 |a  Tesis (Ingeniero Civil) Universidad de Costa Rica.  
501 |a  Ed. mimeografiada.  
650 |x CUPULAS   |9 17829 
942 |c TFG 
999 |c 12262  |d 12262